<?xml version="1.0" encoding="UTF-8"?>
<collection xmlns="http://www.loc.gov/MARC21/slim">
 <record>
  <leader>02398nam a2200313 a 4500</leader>
  <controlfield tag="001">1/43624</controlfield>
  <controlfield tag="008">130618s2012    lu a   g      00010 gre  </controlfield>
  <datafield tag="020" ind1=" " ind2=" ">
   <subfield code="a">9789291916177</subfield>
  </datafield>
  <datafield tag="035" ind1=" " ind2=" ">
   <subfield code="l">46547</subfield>
  </datafield>
  <datafield tag="082" ind1="0" ind2="0">
   <subfield code="a">ΚΕΤ 363.11 ΕΠΙ</subfield>
  </datafield>
  <datafield tag="245" ind1="0" ind2="0">
   <subfield code="a">Επιτελικός ρόλος της διοίκησης στην επαγγελματική ασφάλεια και υγεία :</subfield>
   <subfield code="b">πρακτικός οδηγός /</subfield>
   <subfield code="c">Ευρωπαϊκός Οργανισμός για την Ασφάλεια και την Υγεία στην Εργασία.</subfield>
  </datafield>
  <datafield tag="260" ind1=" " ind2=" ">
   <subfield code="a">Λουξεμβούργο:</subfield>
   <subfield code="b">Υπηρεσία Επίσημων Εκδόσεων της Ευρωπαϊκής Ένωσης,</subfield>
   <subfield code="c">2012.</subfield>
  </datafield>
  <datafield tag="300" ind1=" " ind2=" ">
   <subfield code="a">22 σ. :</subfield>
   <subfield code="b">εικ.;</subfield>
   <subfield code="c">25 εκ.</subfield>
  </datafield>
  <datafield tag="490" ind1="1" ind2=" ">
   <subfield code="a">Ασφαλείς και υγιείς χώροι εργασίας. Πρόληψη των κινδύνων στην εργασία με τη συμμετοχή όλων ;</subfield>
  </datafield>
  <datafield tag="650" ind1=" " ind2="4">
   <subfield code="a">Ασφάλεια εγκαταστάσεων.</subfield>
  </datafield>
  <datafield tag="650" ind1=" " ind2="4">
   <subfield code="a">Εργασιακό περιβάλλον</subfield>
   <subfield code="x">Ασφάλεια εργαζομένων.</subfield>
  </datafield>
  <datafield tag="650" ind1=" " ind2="4">
   <subfield code="a">Ασφάλεια και υγεία στην εργασία.</subfield>
  </datafield>
  <datafield tag="650" ind1=" " ind2="4">
   <subfield code="a">Industrial hygiene</subfield>
   <subfield code="x">Government policy</subfield>
   <subfield code="z">European Union countries.</subfield>
  </datafield>
  <datafield tag="650" ind1=" " ind2="4">
   <subfield code="a">Industrial safety</subfield>
   <subfield code="x">Government policy</subfield>
   <subfield code="z">European Union countries.</subfield>
  </datafield>
  <datafield tag="650" ind1=" " ind2="4">
   <subfield code="a">Work environment</subfield>
   <subfield code="z">European Union countries.</subfield>
  </datafield>
  <datafield tag="710" ind1="2" ind2=" ">
   <subfield code="a">Ευρωπαϊκός Οργανισμός για την Ασφάλεια και την Υγεία στην Εργασία.</subfield>
  </datafield>
  <datafield tag="710" ind1="2" ind2=" ">
   <subfield code="a">Ασφαλείς και Υγιείς Χώροι Εργασίας.</subfield>
  </datafield>
  <datafield tag="710" ind1="2" ind2=" ">
   <subfield code="a">European Trade Union Confederation.</subfield>
  </datafield>
  <datafield tag="710" ind1="2" ind2=" ">
   <subfield code="a">Υπηρεσία Εκδόσεων της Ευρωπαϊκής Ένωσης.</subfield>
  </datafield>
  <datafield tag="830" ind1=" " ind2=" ">
   <subfield code="a">Ασφαλείς και υγιείς χώροι εργασίας. Πρόληψη των κινδύνων στην εργασία με τη συμμετοχή όλων.</subfield>
  </datafield>
  <datafield tag="852" ind1=" " ind2=" ">
   <subfield code="a">INST</subfield>
   <subfield code="b">UNIPILB</subfield>
   <subfield code="c">KET</subfield>
   <subfield code="e">20130618</subfield>
   <subfield code="h">ΚΕΤ 363.11 ΕΠΙ</subfield>
   <subfield code="p">00168919</subfield>
   <subfield code="q">00168919</subfield>
   <subfield code="t">LOAN</subfield>
   <subfield code="y">0</subfield>
   <subfield code="4">1</subfield>
  </datafield>
  <datafield tag="852" ind1=" " ind2=" ">
   <subfield code="a">INST</subfield>
   <subfield code="b">UNIPILB</subfield>
   <subfield code="c">KET</subfield>
   <subfield code="e">20140910</subfield>
   <subfield code="h">ΚΕΤ 363.11 ΕΠΙ</subfield>
   <subfield code="p">00171897</subfield>
   <subfield code="q">00171897</subfield>
   <subfield code="t">LOAN</subfield>
   <subfield code="y">0</subfield>
   <subfield code="4">2</subfield>
  </datafield>
  <datafield tag="856" ind1="4" ind2="1">
   <subfield code="u">https://osha.europa.eu/el/publications/reports/epitelikos-rolos-tis-dioikisis-stin-epaggelmatiki-asfaleia-kai-ygeia-2013-praktikos-odigos</subfield>
  </datafield>
  <datafield tag="856" ind1="4" ind2="1">
   <subfield code="u">http://dx.doi.org/10.2802/34888</subfield>
  </datafield>
 </record>
</collection>
